| 000 | 004960000a22001810004500 | ||
|---|---|---|---|
| 003 | MACL | ||
| 005 | 20151222155547.0 | ||
| 008 | 151222b xxu||||| |||| 00| 0 eng d | ||
| 040 |
_aMACL _cmacl |
||
| 041 | _aEnglish | ||
| 082 | _a801.95/GOP | ||
| 100 |
_aGopal, N R _922143 |
||
| 245 |
_aIndian English Poetry and Fiction _bA Critical Evaluation |
||
| 260 |
_bAtlantic Publishers and Distributors _c2000 _aDelhi |
||
| 350 | _a450 | ||
| 650 |
_aLiterature _922144 |
||
| 942 |
_cBK _k801.95/GOP _2ddc |
||
| 999 |
_c40259 _d40259 |
||